000 00858nam a2200217Ii 4500
003 JO-AjNU
008 230605s9999||||xx |||||||||||||| ||und||
017 _a1987/77
040 _aJO-AjNU
_bara
_erda
_cJO-AjNU
041 _aara
050 1 4 _aBP173.756.M3788 1987
100 3 _aمرعي، محمد محمد,
_eauthor
_930576
245 0 0 _aالنظم المالية والإقتصادية في الدولة الإسلامية على ضوء كتاب الخراج لأبي يوسف
250 _aط1
264 3 1 _aالدوحة: دار الثقافة، 1987
300 _a232ص
_bيتضمن ببلوغرافيا (ص217-230)
336 _atext
_btxt
_2rdacontent
337 _aunmediated
_bn
_2rdamedia
338 _avolume
_bnc
_2rdacarrier
650 4 _aالخراج- الاقتصاد الاسلامي- النظام المالي في الاسلام
_930577
999 _aA12137
_c15705
_d15705